Gaming Quiz

Random Gaming or Board Games Quiz

'RISK'-less Risk Territories Quiz Stats

 Plays Quiz Updated Feb 21, 2018

Score 0/5 Timer 01:00
0 Plays Today
% Correct
Japan
73.4%
Egypt
55.1%
Venezuela
44.1%
Quebec
41.7%
Congo
39.3%

You're not logged in!

Compare scores with friends on all Sporcle quizzes.
OR
Log In

Sporcle TV

Today on Sporcle TV


Watch our educational content, quiz creation guides, and fun videos on Sporcle TV.

Show Comments

Extras

Top Quizzes Today


Score Distribution

Your Account Isn't Verified!

In order to create a playlist on Sporcle, you need to verify the email address you used during registration. Go to your Sporcle Settings to finish the process.

Report this User

Report this user for behavior that violates our Community Guidelines.

Details: